| 000 | 00813nas a2200253 4500 | ||
|---|---|---|---|
| 001 | BR2013001968 | ||
| 003 | BR-BrBNA | ||
| 005 | 20231205122039.0 | ||
| 007 | ta | ||
| 008 | 230509b bl.|||p| |||| 00| 00por d | ||
| 040 |
_aBR-BrBNA _bpor _cBiblioteca Nacional de Agricultura |
||
| 041 | _a(Pt) | ||
| 072 | _aS20 | ||
| 100 | 1 | _aOliveira, A.M.M.M. | |
| 100 | 1 | _aMarinho, H.A. | |
| 245 | 1 | _aDeterminação de vitamina A no leite de mães doadoras do banco de leite humano (BLH)de Manaus/AM: efeito do processamento | |
| 650 | _aNUTRIÇÃO HUMANA | ||
| 650 | _aLEITE MATERNO | ||
| 650 | _aANÁLISE QUÍMICA | ||
| 650 | _aVITAMINA A | ||
| 773 | 0 |
_tActa Amazônica (Brazil) _xISSN 0044-5967 _g(Mar 2010), v. 40(1) p. 59-64 _wBR2013001968 |
|
| 909 |
_a202311 _bLúcia _c55 _dLúcia Elande |
||
| 942 |
_2AGRIS _n0 _cANA |
||
| 999 |
_c226639 _d226639 |
||